000
00206 a2200109 4500
020
_a
9781404102996
041
_a
eng
100
_a
Dekker, Ted
245
_a
The Drummer boy
942
_c
BK
999
_c
11682
_d
11682
999
_d
11682